000 01324nam0a22003011 4500
001 rc\2360915
005 20110829154514.8
035 _a(NLR Aleph) 006685044
090 _a5108514
_c5108514
100 _a20110829d1977 |||y0rusy50 ca
101 0 _arus
102 _aRU
105 _aa z |||||
200 1 _aИнструменты для электрофизических и электрохимических методов обработки
_e(Конспект лекций по курсу "Проектир. и пр-во инструмента для электрофиз. и электрохим. методов обраб.")
210 _aМосква
_cМАМИ
_d1977
215 _a124 с.
_cил.
_d19
300 _aВ надзаг.: Моск. автомех. ин-т
320 _aСписок лит.: с. 119-120 (27 назв.)
606 _aЭлектроды для электрохимической обработки
_2rkp
606 _aЭлектроды для электроэрозионной обработки
_2rkp
700 1 _aФотеев
_bН. К.
_gНиколай Константинович
801 0 _aRU
_bNLR
_gpsbo
801 1 _aRU
_bELAR
_2rusmarc
852 _aNLR
_j78-3/4052
899 _aRuMoRGB
_jБ 78-21/1047
899 _aRuMoRGB
_jБ 78-21/1048
942 _cBOOK
980 _aNB